Loading...

കൽക്കത്താ ഓ കൽക്കത്താ/

Bibliografiske detaljer
Hovedforfatter: വാസു, ഇ., 1935-
Format: Printed Book
Sprog:Malayalam
Udgivet: കോട്ടയം : നാഷണൽ ബുക്ക് സ്റ്റാൾ , 1980.
Fag:
LEADER 00659nam a2200157Ia 4500
008 111205s1980 ii 000 0 mal d
041 |a mal 
082 |a 915.4 
100 1 |a വാസു, ഇ.,  |9 1580376  |d 1935- 
245 |a കൽക്കത്താ ഓ കൽക്കത്താ/  |c ഇ. വാസു 
246 |a  Calcutta, Oh! Calcutta 
260 |b നാഷണൽ ബുക്ക് സ്റ്റാൾ ,   |a കോട്ടയം :   |c 1980. 
653 |a Travalogue 
942 |c BK 
999 |c 213549  |d 213549 
952 |0 0  |1 0  |2 ddc  |4 0  |6 915_414000000000000_VAS_C  |7 0  |9 236156  |a MAL  |b MAL  |c ST1  |d 1972-07-19  |g 11.00  |l 0  |o 915.414 VAS/C  |p MAL17942  |r 2011-12-05  |v 11.00  |w 2011-12-05  |y BK